000 00331nam a22001457a 4500
008 181018b xxu||||| |||| 00| 0 eng d
020 _a666410016958
041 _aeng
080 _22 nd
_a616-002.77
082 _a616-002.77
100 _a7
101 _aREU
245 _aMayo clinic on arthritis
_cHunder.G
942 _2udc
_cBK
999 _c50112
_d50112